| 000 | 00658nam a22001577a 4500 | ||
|---|---|---|---|
| 003 | OSt | ||
| 005 | 20151005140430.0 | ||
| 008 | 151005b xxu||||| |||| 00| 0 eng d | ||
| 040 | _cRUA | ||
| 082 | _aAVM SEM 1998 B071 Or.1 | ||
| 100 |
_92038 _aSEM, SOUPHEA. _bSEM, SOUPHEA. |
||
| 245 | _aCP broiler produvtion at kilometer 11 poultry station, ការចិញ្ចឹមមាន់សាចស៊ីភី ជាលក្ខណៈឧស្សាកម្មនៅស្ថានីយ៍ចិញ្ចឹមមាន់សាច់គីឡូម៉ែត ១១ | ||
| 260 |
_aPhnom Penh _bRUA _c1998 |
||
| 300 |
_a52p. _bill. _c29cm. |
||
| 942 |
_2ddc _cAVM |
||
| 999 |
_c1924 _d1924 |
||